[Event "Titled Tuesday intern op 16th Apr Early"]
[Site "Chess.com INT"]
[Date "2024.04.16"]
[Round "1"]
[White "Ocido, Michael"]
[Black "Chirila, Ioan Cristian"]
[Result "0-1"]
[WhiteElo "2087"]
[BlackElo "2530"]
[PlyCount "62"]
[EventDate "2024.04.16"]
[EventType "swiss (blitz)"]
[EventRounds "11"]
[EventCountry "USA"]
[SourceTitle "CB17_2024"]
[SourceDate "2024.04.24"]
[SourceVersion "1"]
[SourceVersionDate "2024.04.24"]
[SourceQuality "1"]

1. d4 Nf6 2. c4 g6 3. Nc3 d5 4. Nf3 Bg7 5. Bg5 Ne4 6. Bf4 Nxc3 7. bxc3 dxc4 8. e4 c5 9. Bxc4 Nc6 10. d5 Na5 11. Bb5+ Bd7 12. Bxd7+ Qxd7 13. e5 Rd8 14. 0-0 0-0 15. d6 exd6 16. exd6 Nc4 17. Qd3 b5 18. Rad1 Rfe8 19. h3 Nb2 20. Qd5 Nxd1 21. Rxd1 Qf5 22. Qxf5 gxf5 23. Rd5 c4 24. Rxb5 Bxc3 25. Rc5 Re4 26. Rxf5 Bb4 27. Ng5 Re1+ 28. Kh2 Bxd6 29. Bxd6 Rxd6 30. Nxf7 Rde6 31. Ng5 R6e5 0-1

[Event "AI Cup Play In"]
[Site "Chess.com INT"]
[Date "2023.09.18"]
[Round "8"]
[White "Chirila, Ioan Cristian"]
[Black "Drygalov, Sergey"]
[Result "1/2-1/2"]
[WhiteElo "2530"]
[BlackElo "2547"]
[PlyCount "164"]
[EventDate "2023.09.18"]
[EventType "swiss (rapid)"]
[EventRounds "9"]
[EventCountry "USA"]
[SourceTitle "EXT 2024"]
[Source "ChessBase"]
[SourceDate "2023.10.10"]
[SourceVersion "1"]
[SourceVersionDate "2023.10.10"]
[SourceQuality "1"]

1. d4 d5 2. c4 c6 3. cxd5 cxd5 4. Bf4 Nc6 5. e3 Nf6 6. Nc3 a6 7. Rc1 Bg4 8. Qb3 Na5 9. Qc2 Rc8 10. Bd3 b5 11. a3 Nc4 12. Nge2 e6 13. Ng3 Nh5 14. f3 Nxf4 15. exf4 Bd6 16. fxg4 Bxf4 17. 0-0 Bxg3 18. Bxc4 Bxh2+ 19. Kxh2 Rxc4 20. Qf2 0-0 21. Rcd1 Qg5 22. Qf4 Qxf4+ 23. Rxf4 b4 24. axb4 Rxb4 25. Rd2 a5 26. Kg3 g5 27. Rf1 Rfb8 28. Ra1 Rxb2 29. Rxb2 Rxb2 30. Rxa5 Rd2 31. Nb5 Kg7 32. Ra7 Rd3+ 33. Kf2 Kg6 34. Ra8 Kg7 35. Rc8 Rd2+ 36. Kf3 Rd3+ 37. Kf2 Rd2+ 38. Kg3 Rd3+ 39. Kh2 h6 40. Rc3 Rd2 41. Rf3 Kg6 42. Nd6 f6 43. Re3 Rxd4 44. Kg3 e5 45. Rc3 h5 46. gxh5+ Kxh5 47. Nf5 Rf4 48. Ng7+ Kg6 49. Ne6 Rf1 50. Rc7 Kf5 51. Nc5 d4 52. Rf7 e4 53. Rd7 e3 54. Re7 Rd1 55. Kf3 Rf1+ 56. Kg3 Rd1 57. Kf3 g4+ 58. Kg3 Rd2 59. Ne4 Rc2 60. Nd6+ Kg5 61. Re4 f5 62. Re5 Kf6 63. Rxf5+ Ke6 64. Nb5 Rd2 65. Rf4 Ke5 66. Rf8 e2 67. Re8+ Kd5 68. Kf2 d3 69. Rd8+ Kc5 70. Nc3 Rd1 71. Nxe2 dxe2 72. Rc8+ Kd6 73. Kxe2 Ra1 74. Kf2 Ke6 75. Rf8 Ra3 76. Rf4 g3+ 77. Ke2 Ke5 78. Rf3 Ra2+ 79. Kf1 Ra1+ 80. Ke2 Ra2+ 81. Kf1 Ra1+ 82. Ke2 Ra2+ 1/2-1/2

[Event "AI Cup Play In Match"]
[Site "Chess.com INT"]
[Date "2023.09.18"]
[Round "1.2"]
[White "Chirila, Ioan Cristian"]
[Black "Sargsyan, Shant"]
[Result "0-1"]
[WhiteElo "2530"]
[BlackElo "2631"]
[PlyCount "76"]
[EventDate "2023.09.18"]
[EventType "k.o. (rapid)"]
[EventRounds "1"]
[EventCountry "USA"]
[SourceTitle "EXT 2024"]
[Source "ChessBase"]
[SourceDate "2023.10.10"]
[SourceVersion "1"]
[SourceVersionDate "2023.10.10"]
[SourceQuality "1"]

1. d4 Nf6 2. c4 e6 3. Nf3 d5 4. Nc3 Bb4 5. Qa4+ Nc6 6. a3 Bxc3+ 7. bxc3 Bd7 8. Qc2 Na5 9. cxd5 exd5 10. Bg5 h6 11. Bh4 c5 12. e3 Rc8 13. Bd3 cxd4 14. Nxd4 0-0 15. 0-0 Qe7 16. Rab1 b6 17. Rb4 Rc5 18. Bh7+ Kh8 19. Bf5 Bxf5 20. Nxf5 Qe5 21. Rd4 Ne4 22. Be7 Rxc3 23. Qd1 Rg8 24. Rxd5 Qe6 25. Bb4 Nc6 26. Ng3 Nxb4 27. axb4 Rgc8 28. Rd4 Nxg3 29. hxg3 R3c4 30. Qa4 a5 31. Rfd1 Rxd4 32. Rxd4 Rc4 33. Rxc4 Qxc4 34. Qe8+ Kh7 35. b5 a4 36. Qc6 Qd3 37. Qxb6 Qb1+ 38. Kh2 a3 0-1

[Event "AI Cup Play In"]
[Site "Chess.com INT"]
[Date "2023.09.18"]
[Round "5"]
[White "Chirila, Ioan Cristian"]
[Black "Xiong, Jeffery"]
[Result "0-1"]
[WhiteElo "2530"]
[BlackElo "2693"]
[PlyCount "86"]
[EventDate "2023.09.18"]
[EventType "swiss (rapid)"]
[EventRounds "9"]
[EventCountry "USA"]
[SourceTitle "EXT 2024"]
[Source "ChessBase"]
[SourceDate "2023.10.10"]
[SourceVersion "1"]
[SourceVersionDate "2023.10.10"]
[SourceQuality "1"]

1. d4 d5 2. c4 e6 3. Nc3 Nf6 4. Nf3 dxc4 5. e3 a6 6. a4 c5 7. Bxc4 Nc6 8. 0-0 Qc7 9. Qe2 Bd6 10. dxc5 Bxc5 11. b3 0-0 12. Bb2 b6 13. Rac1 Bb7 14. Bd3 Qe7 15. Ne4 Nxe4 16. Bxe4 Na5 17. Bxb7 Qxb7 18. b4 Bxb4 19. Bxg7 Kxg7 20. Qb2+ Kg8 21. Qxb4 Rfc8 22. Qg4+ Kh8 23. Ng5 Qe7 24. Qd4+ e5 25. Qxe5+ Qxe5 26. Nxf7+ Kg7 27. Nxe5 Nb3 28. Rcd1 Rd8 29. Nc4 b5 30. axb5 axb5 31. Nd6 b4 32. Nf5+ Kf6 33. Nd4 Nxd4 34. exd4 Ke6 35. Rfe1+ Kd5 36. Re7 b3 37. Re5+ Kc4 38. Rc5+ Kb4 39. Rc7 b2 40. Rb1 Ra2 41. Rb7+ Kc3 42. Rc7+ Kb3 43. Rb7+ Kc2 0-1

[Event "AI Cup Play In"]
[Site "Chess.com INT"]
[Date "2023.09.18"]
[Round "9"]
[White "Wagner, Dennis"]
[Black "Chirila, Ioan Cristian"]
[Result "1/2-1/2"]
[WhiteElo "2589"]
[BlackElo "2530"]
[PlyCount "27"]
[EventDate "2023.09.18"]
[EventType "swiss (rapid)"]
[EventRounds "9"]
[EventCountry "USA"]
[SourceTitle "EXT 2024"]
[Source "ChessBase"]
[SourceDate "2023.10.10"]
[SourceVersion "1"]
[SourceVersionDate "2023.10.10"]
[SourceQuality "1"]

1. d4 Nf6 2. Nf3 g6 3. c4 Bg7 4. Nc3 d5 5. cxd5 Nxd5 6. e4 Nxc3 7. bxc3 c5 8. Be3 Qa5 9. Qd2 0-0 10. Rc1 Bg4 11. d5 b5 12. Be2 b4 13. cxb4 cxb4 14. 0-0 1/2-1/2

[Event "Bucharest Grand Prix"]
[Site "Bucharest"]
[Date "2023.04.30"]
[Round "6"]
[White "Chirila, Ioan Cristian"]
[Black "Oparin, Grigoriy"]
[Result "0-1"]
[WhiteElo "2543"]
[BlackElo "2667"]
[PlyCount "89"]
[EventDate "2023.04.29"]
[EventType "swiss (rapid)"]
[EventRounds "10"]
[EventCountry "ROU"]
[SourceTitle "CBM 213 Extra"]
[Source "ChessBase"]
[SourceDate "2023.05.31"]
[SourceVersion "1"]
[SourceVersionDate "2023.05.31"]
[SourceQuality "1"]

1. d4 Nf6 2. c4 e6 3. Nf3 d5 4. Nc3 dxc4 5. e4 b5 6. e5 Nd5 7. Nxb5 Nb6 8. Be2 Nc6 9. Bg5 Qd7 10. h4 Bb7 11. h5 h6 12. Be3 Bb4+ 13. Nc3 0-0-0 14. 0-0 f5 15. exf6 gxf6 16. Ne4 Qg7 17. Qc1 f5 18. Nc5 Bxc5 19. dxc5 Ne5 20. Nh4 Bxg2 21. Nxg2 Rhg8 22. Bg5 Nd5 23. f4 Nc6 24. Qxc4 hxg5 25. Qa6+ Kd7 26. Bb5 gxf4 27. Bxc6+ Ke7 28. Bxd5 Rxd5 29. Rf2 f3 30. Re1 Re5 31. Rxe5 Qxe5 32. Rxf3 Qxb2 33. Qf1 Qxa2 34. Qf2 Qa1+ 35. Kh2 Qe5+ 36. Rg3 Rg4 37. Qe3 Qxe3 38. Nxe3 Rh4+ 39. Rh3 Rxh3+ 40. Kxh3 Kf6 41. Kh4 a5 42. Nc4 a4 43. c6 e5 44. Nxe5 Kxe5 45. Kg5 0-1

[Event "Airthings Masters Play In"]
[Site "Chess.com INT"]
[Date "2023.02.03"]
[Round "4"]
[White "Pap, Gyula"]
[Black "Chirila, Ioan Cristian"]
[Result "0-1"]
[WhiteElo "2429"]
[BlackElo "2543"]
[PlyCount "58"]
[EventDate "2023.02.03"]
[EventType "swiss (rapid)"]
[EventRounds "9"]
[EventCountry "USA"]
[SourceTitle "CBM 212 Extra"]
[Source "ChessBase"]
[SourceDate "2023.03.31"]
[SourceVersion "1"]
[SourceVersionDate "2023.03.31"]
[SourceQuality "1"]

1. e4 c5 2. Nf3 Nc6 3. d4 cxd4 4. Nxd4 Qb6 5. Nb3 Nf6 6. Nc3 e6 7. Be3 Qc7 8. a3 a6 9. f4 d6 10. g4 b5 11. g5 Nd7 12. Qd2 Nb6 13. 0-0-0 Nc4 14. Bxc4 bxc4 15. Nd4 Rb8 16. Qe2 Na5 17. Kb1 Be7 18. Bc1 Qb6 19. Ka2 0-0 20. h4 Bd7 21. f5 Rfc8 22. Rhg1 Nc6 23. Nxc6 Rxc6 24. f6 Bf8 25. h5 Qb7 26. Rdf1 Rb6 27. Nd1 c3 28. b3 Rxb3 29. g6 Rxa3+ 0-1

[Event "Airthings Masters Play In"]
[Site "Chess.com INT"]
[Date "2023.02.03"]
[Round "6"]
[White "Salem, AR Saleh"]
[Black "Chirila, Ioan Cristian"]
[Result "1-0"]
[WhiteElo "2677"]
[BlackElo "2543"]
[PlyCount "61"]
[EventDate "2023.02.03"]
[EventType "swiss (rapid)"]
[EventRounds "9"]
[EventCountry "USA"]
[SourceTitle "CBM 212 Extra"]
[Source "ChessBase"]
[SourceDate "2023.03.31"]
[SourceVersion "1"]
[SourceVersionDate "2023.03.31"]
[SourceQuality "1"]

1. d4 Nf6 2. c4 e6 3. Nc3 d5 4. cxd5 exd5 5. Bg5 Bb4 6. e3 h6 7. Bh4 g5 8. Bg3 h5 9. f3 h4 10. Bf2 g4 11. Qb3 Qe7 12. 0-0-0 c6 13. Nge2 h3 14. Ng3 hxg2 15. Bxg2 gxf3 16. Bxf3 Ng4 17. Bxg4 Bxg4 18. Rde1 Na6 19. e4 0-0-0 20. exd5 Qd7 21. dxc6 Qxc6 22. d5 Qc7 23. Re4 Bf3 24. Rc4 Nc5 25. Bxc5 Bxc5 26. Nb5 Qb6 27. Qxf3 Qxb5 28. Qb3 Qa5 29. Qc3 Qxa2 30. Rxc5+ Kb8 31. Ra5 1-0

[Event "Saint Louis Fall-B"]
[Site "Saint Louis"]
[Date "2022.11.10"]
[Round "9"]
[White "Lenderman, Aleksandr"]
[Black "Chirila, Ioan Cristian"]
[Result "0-1"]
[WhiteElo "2550"]
[BlackElo "2536"]
[PlyCount "214"]
[EventDate "2022.11.02"]
[EventType "tourn"]
[EventRounds "9"]
[EventCountry "USA"]
[EventCategory "13"]
[SourceTitle "CBM 211 Extra"]
[Source "ChessBase"]
[SourceDate "2023.01.31"]
[SourceVersion "1"]
[SourceVersionDate "2023.01.31"]
[SourceQuality "1"]

1. d4 Nf6 2. c4 e6 3. g3 d5 4. Bg2 Be7 5. Nf3 0-0 6. Qc2 c6 7. 0-0 dxc4 8. Qxc4 b5 9. Qd3 Nbd7 10. Be3 a5 11. Nbd2 b4 12. Nc4 Ba6 13. Qc2 Rc8 14. Nfe5 Nd5 15. Nxd7 Qxd7 16. Ne5 Qc7 17. Be4 f5 18. Bxd5 cxd5 19. Qxc7 Rxc7 20. Rfc1 Rfc8 21. Rxc7 Rxc7 22. Rc1 Rxc1+ 23. Bxc1 Bxe2 24. Nc6 Bf6 25. Be3 Bc4 26. b3 Bd3 27. Nxa5 Bb1 28. Nc6 Bxa2 29. Nxb4 Bxb3 30. Nd3 Bc4 31. Ne5 g5 32. f3 Bb5 33. Bd2 Kg7 34. f4 h6 35. Kf2 Be7 36. Kf3 Ba4 37. Kf2 Kf6 38. fxg5+ hxg5 39. h4 gxh4 40. gxh4 Kg7 41. Bg5 Ba3 42. Be3 Be8 43. Kg3 Be7 44. Bd2 Bd6 45. Kf2 Bb5 46. Bg5 Bb4 47. Ke3 Bc3 48. Bf4 Bb2 49. Bg5 Kh7 50. Bf4 Bc1+ 51. Kf3 Be2+ 52. Kg3 Bb2 53. Be3 Bc3 54. Kf2 Bh5 55. Nd3 Kg7 56. Nf4 Bf7 57. Nd3 Be8 58. Kf3 Bh5+ 59. Kf2 Bd1 60. Nf4 Kf7 61. Nd3 Bc2 62. Ne5+ Kg7 63. Kg3 Be1+ 64. Kh3 Bd1 65. Bg5 Bc3 66. Be3 f4 67. Bf2 Kf6 68. Kg2 Kf5 69. Nf3 Bc2 70. Kh3 Bd1 71. Kg2 Be2 72. Ng5 Bh5 73. Nf3 Bb4 74. Ng5 Be7 75. Nf3 Bf6 76. Ng5 Bg4 77. Bg1 Be7 78. Bf2 Ba3 79. Bg1 Bb2 80. Bf2 Bc1 81. Bg1 Be3 82. Bf2 Bc1 83. Bg1 Bh5 84. Bf2 Be3 85. Nh7 e5 86. dxe5 Kxe5 87. Nf8 Kd6 88. Be1 d4 89. Bb4+ Ke5 90. Nd7+ Kf5 91. Nc5 Be2 92. Be1 Kg4 93. Kh2 d3 94. Ne4 f3 95. Nf6+ Kf5 96. Nd5 Bh6 97. Kg3 d2 98. Bxd2 Bxd2 99. Kf2 Kg4 100. h5 Kxh5 101. Nf6+ Kh4 102. Ne4 Bb4 103. Ke3 Kg4 104. Nf6+ Kg3 105. Nh5+ Kh4 106. Nf4 Bc5+ 107. Kd2 Bc4 0-1

[Event "Saint Louis Fall-B"]
[Site "Saint Louis"]
[Date "2022.11.06"]
[Round "5"]
[White "Sadhwani, Raunak"]
[Black "Chirila, Ioan Cristian"]
[Result "1/2-1/2"]
[WhiteElo "2628"]
[BlackElo "2536"]
[PlyCount "68"]
[EventDate "2022.11.02"]
[EventType "tourn"]
[EventRounds "9"]
[EventCountry "USA"]
[EventCategory "13"]
[SourceTitle "CBM 211 Extra"]
[Source "ChessBase"]
[SourceDate "2023.01.31"]
[SourceVersion "1"]
[SourceVersionDate "2023.01.31"]
[SourceQuality "1"]

1. e4 e5 2. Nf3 Nf6 3. d4 Nxe4 4. Bd3 d5 5. Nxe5 Nd7 6. Nc3 Nxe5 7. dxe5 Nxc3 8. bxc3 Bc5 9. Qh5 Be6 10. Rb1 Qd7 11. Bg5 Bf5 12. Qf3 Bxd3 13. cxd3 0-0 14. d4 f6 15. exf6 Rae8+ 16. Kd2 Be7 17. Rhe1 Bxf6 18. Bxf6 Rxe1 19. Rxe1 Rxf6 20. Qe3 Ra6 21. Qe8+ Qxe8 22. Rxe8+ Kf7 23. Rc8 Rxa2+ 24. Ke3 c6 25. Rc7+ Kf6 26. Rxb7 Rc2 27. Rxa7 Rxc3+ 28. Kd2 Rc4 29. Kd3 c5 30. dxc5 Rxc5 31. Ra6+ Ke5 32. Ra7 Kf6 33. Ra6+ Ke5 34. Ra7 Kf6 1/2-1/2

[Event "Saint Louis Fall-B"]
[Site "Saint Louis"]
[Date "2022.11.05"]
[Round "4"]
[White "Chirila, Ioan Cristian"]
[Black "Chandra, Akshat"]
[Result "1/2-1/2"]
[WhiteElo "2536"]
[BlackElo "2472"]
[PlyCount "96"]
[EventDate "2022.11.02"]
[EventType "tourn"]
[EventRounds "9"]
[EventCountry "USA"]
[EventCategory "13"]
[SourceTitle "CBM 211 Extra"]
[Source "ChessBase"]
[SourceDate "2023.01.31"]
[SourceVersion "1"]
[SourceVersionDate "2023.01.31"]
[SourceQuality "1"]

1. e4 c5 2. Nf3 e6 3. d4 cxd4 4. Nxd4 Nc6 5. Nc3 a6 6. Be3 Nf6 7. f4 d5 8. e5 Nd7 9. Qd2 Bc5 10. 0-0-0 0-0 11. h4 Nxd4 12. Bxd4 b5 13. Ne2 a5 14. Qe3 Qb6 15. Rh3 b4 16. Rg3 Ba6 17. f5 exf5 18. Bxc5 Qxc5 19. Nd4 Rfe8 20. Qh6 g6 21. Nxf5 Qf8 22. Bxa6 Rxa6 23. Rxd5 Nxe5 24. Re3 f6 25. Rd7 Qxh6 26. Nxh6+ Kh8 27. Nf7+ Kg8 28. Nxe5 fxe5 29. Rf3 h5 30. Rff7 Rd6 31. Rg7+ Kh8 32. Rh7+ Kg8 33. Rhg7+ Kh8 34. Rh7+ Kg8 35. Rxd6 Kxh7 36. Rd5 g5 37. hxg5 Kg6 38. Rxa5 Kxg5 39. Rb5 Kf4 40. Rxb4+ Kg3 41. Kd2 Kxg2 42. Rh4 Rh8 43. Ke3 Kg3 44. Rh1 Kg2 45. Rh4 Kg3 46. Rh1 Kg2 47. Rh4 Kg3 48. Rh1 Kg2 1/2-1/2

[Event "Titled Tuesday intern op 14th Sept"]
[Site "Chess.com INT"]
[Date "2021.09.14"]
[Round "2"]
[White "Arakhamia Grant, Ketevan"]
[Black "Chirila, Ioan Cristian"]
[Result "0-1"]
[WhiteElo "2380"]
[BlackElo "2536"]
[PlyCount "84"]
[EventDate "2021.09.14"]
[EventType "swiss (blitz)"]
[EventRounds "11"]
[EventCountry "USA"]
[SourceTitle "EXT 2022"]
[Source "ChessBase"]
[SourceDate "2021.10.06"]
[SourceVersion "1"]
[SourceVersionDate "2021.10.06"]
[SourceQuality "1"]

1. e4 c5 2. Nf3 Nc6 3. d4 cxd4 4. Nxd4 Qb6 5. Nb3 Nf6 6. Bd3 d5 7. exd5 Nxd5 8. Qe2 e5 9. 0-0 Be6 10. N1d2 Be7 11. Nc4 Qc7 12. Re1 Ndb4 13. Nxe5 Nxe5 14. Qxe5 Qxe5 15. Rxe5 Rc8 16. Bb5+ Kf8 17. c3 Nd5 18. Bd2 a6 19. Bf1 Bf6 20. Ree1 b5 21. g3 h5 22. h4 g6 23. Bg2 Nb6 24. Be3 Nc4 25. Bd4 Kg7 26. Re2 Rhd8 27. Rae1 Bg4 28. f3 Bf5 29. Bxf6+ Kxf6 30. Nd4 Bd3 31. Rf2 b4 32. g4 Nxb2 33. Rxb2 bxc3 34. Rb6+ Kg7 35. Nb3 c2 36. Nc1 Bb5 37. a4 Rd1 38. Kf2 Rcd8 39. axb5 R8d2+ 40. Ke3 Rxg2 41. Re2 Rxc1 42. Rxg2 Re1+ 0-1

[Event "Titled Tuesday intern op 10th Aug"]
[Site "Chess.com INT"]
[Date "2021.08.10"]
[Round "3"]
[White "Chirila, Ioan Cristian"]
[Black "Pichot, Alan"]
[Result "0-1"]
[WhiteElo "2536"]
[BlackElo "2624"]
[PlyCount "110"]
[EventDate "2021.08.10"]
[EventType "swiss (blitz)"]
[EventRounds "11"]
[EventCountry "USA"]
[SourceTitle "CBM 203 Extra"]
[Source "ChessBase"]
[SourceDate "2021.09.30"]
[SourceVersion "1"]
[SourceVersionDate "2021.09.30"]
[SourceQuality "1"]

1. d4 Nf6 2. c4 g6 3. Nc3 Bg7 4. e4 d6 5. Be2 0-0 6. Bg5 c5 7. d5 Na6 8. f4 Nc7 9. Nf3 Bg4 10. 0-0 Bxf3 11. Bxf3 Nd7 12. Qc2 Re8 13. e5 dxe5 14. d6 Ne6 15. Bxe7 Rxe7 16. dxe7 Qxe7 17. fxe5 Nd4 18. Qe4 Nxe5 19. Kh1 Re8 20. Qxb7 Ndxf3 21. Qxe7 Rxe7 22. gxf3 Nxc4 23. Rfe1 Kf8 24. Rxe7 Kxe7 25. b3 Nd2 26. Re1+ Kd7 27. Ne4 Nxf3 28. Nxc5+ Kc6 29. Re7 Ne5 30. Ne4 Kd5 31. Ng5 Bf6 32. Rxa7 Bxg5 33. a4 Be3 34. Rb7 f5 35. a5 f4 36. Kg2 f3+ 37. Kf1 Ng4 38. Rf7 Nxh2+ 39. Ke1 f2+ 40. Rxf2 Bxf2+ 41. Kxf2 Kc5 42. Kg3 Nf1+ 43. Kf4 Nd2 44. b4+ Kb5 45. Kg5 Nc4 46. Kh6 Nxa5 47. bxa5 Kxa5 48. Kg5 Kb5 49. Kh4 Kc5 50. Kg5 Kd5 51. Kh6 Ke5 52. Kg5 Ke4 53. Kh6 Kf4 54. Kxh7 g5 55. Kg6 g4 0-1

[Event "Titled Tuesday intern op 10th Aug"]
[Site "Chess.com INT"]
[Date "2021.08.10"]
[Round "11"]
[White "Nesterov, Arseniy"]
[Black "Chirila, Ioan Cristian"]
[Result "1-0"]
[WhiteElo "2483"]
[BlackElo "2536"]
[PlyCount "63"]
[EventDate "2021.08.10"]
[EventType "swiss (blitz)"]
[EventRounds "11"]
[EventCountry "USA"]
[SourceTitle "CBM 203 Extra"]
[Source "ChessBase"]
[SourceDate "2021.09.30"]
[SourceVersion "1"]
[SourceVersionDate "2021.09.30"]
[SourceQuality "1"]

1. d4 Nf6 2. c4 g6 3. Nc3 d5 4. cxd5 Nxd5 5. e4 Nxc3 6. bxc3 Bg7 7. Qa4+ Nd7 8. Nf3 0-0 9. Be2 c5 10. 0-0 cxd4 11. cxd4 Nb6 12. Qa3 Bg4 13. Rd1 Bxf3 14. gxf3 Bxd4 15. Bg5 Bxa1 16. Rxd8 Rfxd8 17. Qxe7 Rd7 18. Qa3 Bd4 19. Bb5 Rc7 20. Qd6 Rc5 21. h4 Bxf2+ 22. Kxf2 Rxb5 23. Qd4 Rxg5 24. hxg5 Rc8 25. a4 Rc6 26. a5 Nc8 27. Qd7 Nd6 28. e5 Nc4 29. a6 Rxa6 30. Qc8+ Kg7 31. Qxc4 Re6 32. f4 1-0

[Event "Titled Tuesday intern op 04th May"]
[Site "Chess.com INT"]
[Date "2021.05.04"]
[Round "4"]
[White "Chirila, Ioan Cristian"]
[Black "Golizadeh, Asghar"]
[Result "0-1"]
[WhiteElo "2536"]
[BlackElo "2455"]
[PlyCount "40"]
[EventDate "2021.05.04"]
[EventType "swiss (blitz)"]
[EventRounds "11"]
[EventCountry "USA"]
[SourceTitle "CBM 202 Extra"]
[Source "ChessBase"]
[SourceDate "2021.07.31"]
[SourceVersion "1"]
[SourceVersionDate "2021.07.31"]
[SourceQuality "1"]

1. d4 Nf6 2. c4 g6 3. Nc3 d5 4. cxd5 Nxd5 5. e4 Nxc3 6. bxc3 Bg7 7. Be3 c5 8. Nf3 0-0 9. Qd2 Bg4 10. d5 Bxf3 11. gxf3 Nd7 12. h4 h5 13. Rd1 Rc8 14. c4 Ne5 15. Be2 b5 16. cxb5 c4 17. Bd4 Nd3+ 18. Bxd3 Bxd4 19. Bc2 Bb6 20. e5 Ba5 0-1

[Event "Titled Tuesday intern op 04th May"]
[Site "Chess.com INT"]
[Date "2021.05.04"]
[Round "1"]
[White "Chirila, Ioan Cristian"]
[Black "Myers, Dominique"]
[Result "1-0"]
[WhiteElo "2536"]
[BlackElo "1985"]
[PlyCount "79"]
[EventDate "2021.05.04"]
[EventType "swiss (blitz)"]
[EventRounds "11"]
[EventCountry "USA"]
[SourceTitle "CBM 202 Extra"]
[Source "ChessBase"]
[SourceDate "2021.07.31"]
[SourceVersion "1"]
[SourceVersionDate "2021.07.31"]
[SourceQuality "1"]

1. d4 Nf6 2. c4 g6 3. Nc3 d5 4. cxd5 Nxd5 5. e4 Nxc3 6. bxc3 Bg7 7. Nf3 c5 8. Be3 Qa5 9. Qd2 Nc6 10. Rb1 a6 11. Rc1 cxd4 12. cxd4 Qxd2+ 13. Kxd2 e6 14. Bc4 0-0 15. Rhd1 Rd8 16. Ke2 Bd7 17. d5 exd5 18. Bxd5 Rac8 19. Bb6 Rf8 20. h3 Bb2 21. Rb1 Bg7 22. Ng5 Ne5 23. f4 Rc2+ 24. Rd2 Bb5+ 25. Rxb5 Rxd2+ 26. Kxd2 axb5 27. fxe5 Bxe5 28. Kd3 Kg7 29. Nf3 Bd6 30. Nd4 b4 31. Nb5 Bc5 32. Bxc5 Ra8 33. Bxb4 Ra4 34. a3 Ra6 35. Nd4 Kf6 36. Bxb7 Rb6 37. Bd5 Ke5 38. Nc6+ Kf6 39. e5+ Kf5 40. a4 1-0

[Event "Titled Tuesday intern op 04th May"]
[Site "Chess.com INT"]
[Date "2021.05.04"]
[Round "3"]
[White "Xiong, Jeffery"]
[Black "Chirila, Ioan Cristian"]
[Result "1-0"]
[WhiteElo "2709"]
[BlackElo "2536"]
[PlyCount "37"]
[EventDate "2021.05.04"]
[EventType "swiss (blitz)"]
[EventRounds "11"]
[EventCountry "USA"]
[SourceTitle "CBM 202 Extra"]
[Source "ChessBase"]
[SourceDate "2021.07.31"]
[SourceVersion "1"]
[SourceVersionDate "2021.07.31"]
[SourceQuality "1"]

1. e4 e5 2. Nf3 Nc6 3. Nc3 Nf6 4. d4 exd4 5. Nxd4 Bb4 6. Nxc6 bxc6 7. Bd3 d5 8. exd5 0-0 9. 0-0 cxd5 10. Qf3 c6 11. h3 Re8 12. Bf4 Bd6 13. Rfe1 Be6 14. Ne2 Rb8 15. b3 Qc7 16. Rad1 Nd7 17. c4 Ne5 18. Qg3 Rbd8 19. c5 1-0

[Event "Titled Tuesday intern op 06th Apr"]
[Site "Chess.com INT"]
[Date "2021.04.06"]
[Round "1"]
[White "Ahmad, Al Khatib"]
[Black "Chirila, Ioan Cristian"]
[Result "0-1"]
[WhiteElo "2254"]
[BlackElo "2536"]
[PlyCount "84"]
[EventDate "2021.04.06"]
[EventType "swiss (blitz)"]
[EventRounds "11"]
[EventCountry "USA"]
[SourceTitle "CBM 201 Extra"]
[Source "ChessBase"]
[SourceDate "2021.05.31"]
[SourceVersion "1"]
[SourceVersionDate "2021.05.31"]
[SourceQuality "1"]

1. Nf3 Nf6 2. g3 g6 3. b3 Bg7 4. Bb2 0-0 5. Bg2 c5 6. c4 Nc6 7. 0-0 b6 8. d4 cxd4 9. Nxd4 Bb7 10. Nxc6 Bxc6 11. Nc3 Bxg2 12. Kxg2 Qc7 13. Rc1 Qb7+ 14. Kg1 Rfd8 15. Nd5 Nxd5 16. Bxg7 Ne3 17. fxe3 Kxg7 18. Qd4+ Kg8 19. Rf4 d6 20. Qd5 Qxd5 21. cxd5 Rac8 22. Rfc4 Rc5 23. e4 Rdc8 24. Kf2 e6 25. dxe6 fxe6 26. Ke3 Kf7 27. Rxc5 Rxc5 28. Rxc5 dxc5 29. e5 Ke7 30. Kf4 Kd7 31. Kg5 b5 32. Kf4 Kc6 33. e4 Kb6 34. Ke3 Ka5 35. a3 b4 36. a4 c4 37. bxc4 Kxa4 38. c5 Kb5 39. Kd4 a5 40. g4 a4 41. g5 a3 42. Kd3 Kxc5 0-1

[Event "Titled Tuesday intern op 06th Apr"]
[Site "Chess.com INT"]
[Date "2021.04.06"]
[Round "11"]
[White "Chirila, Ioan Cristian"]
[Black "Acor, Corey B"]
[Result "0-1"]
[WhiteElo "2536"]
[BlackElo "2223"]
[PlyCount "48"]
[EventDate "2021.04.06"]
[EventType "swiss (blitz)"]
[EventRounds "11"]
[EventCountry "USA"]
[SourceTitle "CBM 201 Extra"]
[Source "ChessBase"]
[SourceDate "2021.05.31"]
[SourceVersion "1"]
[SourceVersionDate "2021.05.31"]
[SourceQuality "1"]

1. d4 Nf6 2. c4 e5 3. dxe5 Ng4 4. Bf4 Nc6 5. Nf3 Bb4+ 6. Nc3 Bxc3+ 7. bxc3 Qe7 8. Qd5 Qa3 9. Qd2 Qe7 10. Qd5 Qa3 11. Rc1 f6 12. exf6 Nxf6 13. Qd2 d6 14. Qe3+ Kd8 15. Nd4 Re8 16. Nxc6+ bxc6 17. Qd3 Rb8 18. g3 Rb2 19. e3 Ne4 20. Be2 h6 21. 0-0 Rd2 22. Qb1 Rxe2 23. Rcd1 g5 24. Rd4 Bf5 0-1

[Event "Titled Tuesday intern op 06th Apr"]
[Site "Chess.com INT"]
[Date "2021.04.06"]
[Round "9"]
[White "Chirila, Ioan Cristian"]
[Black "Spitzl, Vinzent"]
[Result "1-0"]
[WhiteElo "2536"]
[BlackElo "2346"]
[PlyCount "95"]
[EventDate "2021.04.06"]
[EventType "swiss (blitz)"]
[EventRounds "11"]
[EventCountry "USA"]
[SourceTitle "CBM 201 Extra"]
[Source "ChessBase"]
[SourceDate "2021.05.31"]
[SourceVersion "1"]
[SourceVersionDate "2021.05.31"]
[SourceQuality "1"]

1. d4 d5 2. c4 e6 3. Nc3 Nf6 4. Bf4 Bb4 5. Qa4+ Nc6 6. e3 0-0 7. Nf3 Re8 8. Qb3 Ne4 9. Bd3 Bd7 10. 0-0 dxc4 11. Qxc4 Nxc3 12. bxc3 Bd6 13. Qb3 Rb8 14. Bg5 Be7 15. Bf4 Bd6 16. Bg3 e5 17. Qc2 h6 18. d5 Ne7 19. c4 b6 20. Nxe5 Bxe5 21. Bxe5 Nxd5 22. Bh7+ Kh8 23. Bxg7+ Kxg7 24. cxd5 Qg5 25. Be4 Rg8 26. g3 Qe5 27. Bg2 f5 28. Rac1 Rbc8 29. Rfd1 Bb5 30. Rd4 Kh8 31. Rf4 Rgf8 32. a4 Bd7 33. Rh4 Rf6 34. a5 bxa5 35. Qc5 Qd6 36. Qxa5 Qb6 37. Qc3 Kh7 38. Rb4 Qd6 39. Rb7 a5 40. Qxa5 Rf7 41. Rbxc7 Rxc7 42. Qxc7 Qf6 43. Qc3 Qd6 44. h4 Qg6 45. Qd4 Qd6 46. Qf4 Qg6 47. Qe5 Re7 48. Qxe7+ 1-0